00753nam a2200181 a 4500003000200000005001700002008004100019050002900060100002000089245014500109260009200254300004000346504004100386650003500427650003700462650003700499650003500536020250515130319.0090729s19uu xx 00 eng d aPGS GV 706.4b.W819 2001 ade Wit, Kilani. aAwareness of the grade school varsity students of Southville International School on how stress affects sports performance /cKilani de Wit. aLas Piñas City, Philippines : bSouthville International School and Colleges,c2001. a32 pages :billustrations ;c28 cm. aIncludes bibliographical references. aSportsvPsychological aspects. aStudent athletesvMental health. aStress (Psychology) in children. aStress management in children.